| 000 | 00831nam a2200289 a 4500 | ||
|---|---|---|---|
| 001 | 000040786 | ||
| 003 | DO-SdBNP | ||
| 005 | 20180212111635.0 | ||
| 007 | 000040786 | ||
| 008 | 130906s2009 dr 000 p spa d | ||
| 020 | _a9789945420791 | ||
| 040 |
_aBPMSU _bspa _cBPMSU |
||
| 092 |
_aRD861.44 _bA636i |
||
| 100 | 1 | _aAcevedo, Sheila | |
| 245 | 1 | 0 |
_aIntimidades : _bpoemas eróticos / _cJanyll Antuna. |
| 260 |
_aSanto Domingo : _bEditora Nacional _c2010 |
||
| 300 |
_a77 p. ; _c21 cm. |
||
| 650 | 4 | _aPOESÏA DOMINICANA | |
| 650 | 4 | _aLITERATURA DOMINICANA | |
| 910 | _aValidado. Control de calidad MFF | ||
| 930 | 1 |
_l _m _8 _f _p _g |
|
| 942 |
_2ddc _cBK |
||
| 945 | _aTítulo remanejado para BNPHU / 2018 VM | ||
| 956 |
_a _b _c _l _h |
||
| 956 |
_a _b _c _l _h |
||
| 956 |
_aVMATEO _b10 _c20150525 _lBMSU _h00151 |
||
| 999 |
_c7890 _d7890 |
||